| 000 | 00553c a22001931 04500 | ||
|---|---|---|---|
| 001 | 45731 | ||
| 090 | _a45731 | ||
| 100 | _a19891024d19 m y0pory5003 ba | ||
| 101 | 1 | _apor | |
| 102 | _aPT | ||
| 200 | 1 |
_aRafael _epáginas dos vinte anos _fLamartine _gtrad. João Grave |
|
| 210 | 9 |
_aPorto _cLivraria Chardron, de Lélo & Irmão _d[19--] |
|
| 215 |
_aXX, 231 p. _cil. _d16 cm |
||
| 225 | 2 |
_aLusitânia _v21 |
|
| 675 | _a821.133.1-31 | ||
| 700 | 1 |
_aLamartine, _bAlphonse de, _f1790-1869 |
|
| 702 | 1 |
_aGrave, _bJoão, _f1872-1934 _4730 |
|
| 801 | 0 |
_aPT _bBN _gRPC |
|
| 990 | _cLIVROS | ||